Alle Länder Südamerikas (mit Karte) - Statistiken

Allgemein
  • Dieses Quiz wurde 401 mal gespielt
  • Das Durchschnittsergebnis liegt bei 10 aus 12
Antworten auf der Karte
Die Antworten werden auf der Karte rot bzw. grün angezeigt, abhängig davon wie oft sie richtig erraten wurden.
 
Antwortstatistiken
Antwort % Korrekt
Argentinien
98%
Chile
98%
Brasilien
97%
Bolivien
90%
Peru
90%
Uruguay
89%
Kolumbien
88%
Paraguay
86%
Venezuela
86%
Ecuador
81%
Guyana
67%
Suriname
66%
Keine übereinstimmenden Quizze gefunden
Verteilung der Resultate
Anzahl Personen mit jedem Resultat
Perzentil nach korrekt beantworteten Fragen
Ihre Resultats-Entwicklung
Sie haben dieses Quiz noch nicht gespielt